| 000 | 00623nam a2200193Ia 4500 | ||
|---|---|---|---|
| 003 | GCL | ||
| 008 | 140319s9999 xx 000 0 ara d | ||
| 040 |
_aGCL / _cGCL |
||
| 082 | 0 | 4 |
_a250 _bم ج |
| 100 | 1 | _aمحمد حسن النجفى | |
| 245 | 1 | 0 |
_aجواهر الكلام فى شرح شرائع الاسلام / _cمحمد حسن النجفى |
| 260 |
_a[S.N] : _bدار احياء التراث العربى ، _c1981 |
||
| 300 | _aمتعدد الترقيم | ||
| 490 | _a | ||
| 650 | 0 | 4 | _aالاسلام |
| 650 | 0 | 4 | _aالشريعة الاسلامية |
| 650 | 0 | 4 | _aالفقه الاسلامى |
| 942 |
_2ddc _cBK |
||
| 999 |
_c52881 _d52881 |
||